| 000 | 00557nas a2200205 i 4500 | ||
|---|---|---|---|
| 001 | 184527 | ||
| 003 | ES-MaACL | ||
| 005 | 20250217134916.0 | ||
| 008 | 151016c1974 | | ||pa d | ||
| 022 | _a9935-3571 | ||
| 245 | 0 | 0 |
_aAhisdes _b: estudios de historia de España. |
| 260 |
_aMadrid : _b[s.n.], _c1974- |
||
| 300 |
_a2 v. ; _c25 cm. |
||
| 362 | 0 | _aNº 1 (1974) - | |
| 651 | 4 |
_aEspaña- _xHistoria. _98209 |
|
| 651 | 4 |
_aEspaña- _xGenealogía. _98199 |
|
| 852 |
_aES-MaACL _j2139-F-13-14 |
||
| 866 | 0 | _o1974, 1976. | |
| 999 |
_c184527 _d184527 |
||